Economics (Record no. 5346)

MARC details
000 -LEADER
fixed length control field 00741 a2200217 4500
020 ## - INTERNATIONAL STANDARD BOOK NUMBER
International Standard Book Number 0195669061
Terms of availability 275.00
035 ## - SYSTEM CONTROL NUMBER
System control number B-210729
037 ## - SOURCE OF ACQUISITION
Source of stock number/acquisition RP-ZLS-2754 / UBH-07-08:4/ RP-07-08:ENG
082 14 - DEWEY DECIMAL CLASSIFICATION NUMBER
Classification number 330.00
090 ## - LOCALLY ASSIGNED LC-TYPE CALL NUMBER (OCLC); LOCAL CALL NUMBER (OCLC)
-- 5452
-- 5452
100 1# - MAIN ENTRY--PERSONAL NAME
Personal name Lipsey, Richard G.
245 1# - TITLE STATEMENT
Title Economics
Statement of responsibility, etc by Richard G. Lipsey and K. Alex Chrustal
250 ## - EDITION STATEMENT
Edition statement 10th ed.
260 ## - PUBLICATION, DISTRIBUTION, ETC. (IMPRINT)
Place of publication, distribution, etc New Delhi
Name of publisher, distributor, etc Oxford University Press
Date of publication, distribution, etc 2007
270 ## - ADDRESS
Address YMCA Library Building, Jai Singh Road,
City New Delhi
State or province Delhi
Postal code 110001
300 ## - PHYSICAL DESCRIPTION
Extent xix, 699 p
Dimensions 26 cm (pbk)
500 ## - GENERAL NOTE
General note include glossary & indes x
700 ## - ADDED ENTRY--PERSONAL NAME
Personal name Chrystal , K. Alex
942 ## - ADDED ENTRY ELEMENTS (KOHA)
Institution code [OBSOLETE] dpl
Koha item type English Books
Call number prefix 330 / LIP
Holdings
Withdrawn status Lost status Source of classification or shelving scheme Damaged status Not for loan Home library Current library Source of acquisition Cost, normal purchase price Total Checkouts Full call number Barcode Date last seen Copy number Uniform Resource Identifier Cost, replacement price Price effective from Koha item type
    Dewey Decimal Classification     Sarojini Nagar Sarojini Nagar DBAD/PUB 275.00   330 B-210729 15/09/2008 1 5685 275.00 15/09/2008 English Books

© Delhi Public Library
Hit Counter
free hit counter